Phenomenology as performative exercise /

"This volume, edited by Lucilla Guidi and Thomas Rentsch, establishes the first systematic connection between phenomenology and performativity. On the one hand, it outlines the performativity of phenomenology by exploring its enactment and the transformation of attitude it effects; this explora...

وصف كامل

محفوظ في:

مؤلفون آخرون: Guidi, Lucilla (المحرر), Thomas, Rentsch (المحرر)

التنسيق: كتاب الكتروني

اللغة: English

منشور في: Leiden Boston : BRILL, 2020.

سلاسل: Studies in Contemporary Phenomenology; volume 19.
Religious Studies, Theology and Philosophy E-Books Online, Collection 2020, ISBN: 9789004419094.

الموضوعات:

الوصول للمادة أونلاين: Login to view Source

الوسوم: إضافة وسم

لا توجد وسوم, كن أول من يضع وسما على هذه التسجيلة!

رقم الطلب: B829.5 .P4548 2020

LEADER 02549cam a22004578i 4500
001 BRILL9789004420991
003 nllekb
005 20210602095401.0
006 m d
007 cr un uuuua
008 191024s2020 ne 000 0 eng
020 |a 9789004420991  |q (electronic book) 
020 |z 9789004420984  |q (print) 
024 7 |a 10.1163/9789004420991  |2 DOI 
035 |z (OCoLC)1130378407 
040 |a NL-LeKB  |c NL-LeKB  |e rda 
050 0 0 |a B829.5  |b .P4548 2020 
072 7 |a HPCF3  |2 bicssc 
072 7 |a PHI  |x 18000  |2 bisacsh 
072 7 |a PHI  |x 06000  |2 bisacsh 
082 0 0 |a 142/.7  |2 23 
245 0 0 |a Phenomenology as performative exercise /  |c edited by Lucilla Guidi, Thomas Rentsch. 
264 1 |a Leiden Boston :  |b BRILL,  |c 2020. 
300 |a 1 online resource. 
336 |a text  |b txt  |2 rdacontent 
337 |a unmediated  |b n  |2 rdamedia 
338 |a volume  |b nc  |2 rdacarrier 
490 1 |a Studies in Contemporary Phenomenology;  |v volume 19 
490 1 |a Religious Studies, Theology and Philosophy E-Books Online, Collection 2020, ISBN: 9789004419094 
520 |a "This volume, edited by Lucilla Guidi and Thomas Rentsch, establishes the first systematic connection between phenomenology and performativity. On the one hand, it outlines the performativity of phenomenology by exploring its enactment and the transformation of attitude it effects; this exploration is conducted through a number of parallels between phenomenology and the ancient understanding of philosophy as an exercise and a way of life. On the other hand, the volume examines different notions of performativity from a phenomenological perspective, so as to show that a phenomenological understanding of embodied experience complements a linguistic account of performativity and can also offer a ground for bodily practices of resistance, critique, and self-transformation in our own day and age". 
650 0 |a Performative (Philosophy) 
650 0 |a Phenomenology. 
700 1 |a Guidi, Lucilla,  |e editor. 
700 1 |a Thomas, Rentsch,  |e editor. 
776 0 8 |i Print version:  |t Phenomenology as performative exercise,   |d Leiden Boston: BRILL, 2020  |w 9789004420984 
830 0 |a Studies in Contemporary Phenomenology;  |v volume 19. 
830 0 |a Religious Studies, Theology and Philosophy E-Books Online, Collection 2020, ISBN: 9789004419094. 
856 4 |z DOI:   |u http://dx.doi.org/10.1163/9789004420991 
942 |c EBOOK 
952 |0 0  |1 0  |4 0  |7 1  |9 13324  |a BRILL  |b BRILL  |d 2021-06-02  |l 0  |r 2021-06-02 00:00:00  |w 2021-06-02  |y EBOOK 
999 |c 34777  |d 34777